|
|
|
|
| LEADER |
01835nam a22004695i 4500 |
| 001 |
978-1-4614-4151-9 |
| 003 |
DE-He213 |
| 005 |
20151125141828.0 |
| 007 |
cr nn 008mamaa |
| 008 |
120814s2013 xxu| s |||| 0|eng d |
| 020 |
|
|
|a 9781461441519
|9 978-1-4614-4151-9
|
| 024 |
7 |
|
|a 10.1007/978-1-4614-4151-9
|2 doi
|
| 040 |
|
|
|d GrThAP
|
| 050 |
|
4 |
|a QA76.9.D343
|
| 072 |
|
7 |
|a UNF
|2 bicssc
|
| 072 |
|
7 |
|a UYQE
|2 bicssc
|
| 072 |
|
7 |
|a COM021030
|2 bisacsh
|
| 082 |
0 |
4 |
|a 006.312
|2 23
|
| 100 |
1 |
|
|a Banchs, Rafael E.
|e author.
|
| 245 |
1 |
0 |
|a Text Mining with MATLAB®
|h [electronic resource] /
|c by Rafael E. Banchs.
|
| 264 |
|
1 |
|a New York, NY :
|b Springer New York :
|b Imprint: Springer,
|c 2013.
|
| 300 |
|
|
|a XII, 356 p.
|b online resource.
|
| 336 |
|
|
|a text
|b txt
|2 rdacontent
|
| 337 |
|
|
|a computer
|b c
|2 rdamedia
|
| 338 |
|
|
|a online resource
|b cr
|2 rdacarrier
|
| 347 |
|
|
|a text file
|b PDF
|2 rda
|
| 505 |
0 |
|
|a Introduction -- Handling Textual Data -- Regular Expressions -- Basic Operations with Strings -- Reading and Writing Files -- Basic Corpus Statistics -- Statistical Models -- Geometrical Models -- Dimensionality Reduction -- Document Categorization -- Document Search -- Content Analysis.
|
| 520 |
|
|
|a 1.
|
| 650 |
|
0 |
|a Computer science.
|
| 650 |
|
0 |
|a Computer science
|x Mathematics.
|
| 650 |
|
0 |
|a Data mining.
|
| 650 |
|
0 |
|a Information storage and retrieval.
|
| 650 |
1 |
4 |
|a Computer Science.
|
| 650 |
2 |
4 |
|a Data Mining and Knowledge Discovery.
|
| 650 |
2 |
4 |
|a Math Applications in Computer Science.
|
| 650 |
2 |
4 |
|a Information Storage and Retrieval.
|
| 710 |
2 |
|
|a SpringerLink (Online service)
|
| 773 |
0 |
|
|t Springer eBooks
|
| 776 |
0 |
8 |
|i Printed edition:
|z 9781461441502
|
| 856 |
4 |
0 |
|u http://dx.doi.org/10.1007/978-1-4614-4151-9
|z Full Text via HEAL-Link
|
| 912 |
|
|
|a ZDB-2-SCS
|
| 950 |
|
|
|a Computer Science (Springer-11645)
|